[Event "VI Open A"]
[Site "Viterbo ITA"]
[Date "2009.06.01"]
[Round "4"]
[White "Cannada Bartoli, Vincenzo"]
[Black "Calavalle, Giulio"]
[Result "0-1"]
[WhiteElo "2006"]
[BlackElo "2235"]
[PlyCount "92"]
[EventDate "2009.05.30"]

1. c4 g6 2. Nc3 Bg7 3. d3 d6 4. g3 Nc6 5. Bg2 e5 6. Nf3 Nge7 7. O-O Bd7 8. Bg5
Qc8 9. Ne4 Ng8 10. Re1 h6 11. Bc1 Nge7 12. Rb1 f5 13. Nc3 g5 14. e3 Ng6 15. Nd2
Nce7 16. Nd5 Be6 17. Nxe7 Nxe7 18. b4 O-O 19. Bb2 f4 20. exf4 gxf4 21. d4 fxg3
22. hxg3 Bf5 23. Rc1 Ng6 24. d5 a5 25. a3 Bg4 26. Qc2 Bf5 27. Be4 Ne7 28. c5
Qe8 29. Qb3 axb4 30. axb4 Qf7 31. Bxf5 Nxf5 32. Ne4 Qg6 33. cxd6 cxd6 34. Rc7
Nh4 35. Re3 Nf5 36. Re1 h5 37. Rxb7 h4 38. b5 hxg3 39. Nxg3 Nh4 40. Re3 Bh6 41.
Qd3 Bxe3 42. Qxg6+ Nxg6 43. fxe3 Rab8 44. Rxb8 Rxb8 45. Ba3 Rxb5 46. e4 Rb3 0-1

[Event "VI Open A"]
[Site "Viterbo ITA"]
[Date "2009.06.01"]
[Round "4"]
[White "De Blasio, Alessandro"]
[Black "Trifoglio, Giovanni"]
[Result "1-0"]
[WhiteElo "2057"]
[BlackElo "1953"]
[PlyCount "99"]
[EventDate "2009.05.30"]

1. e4 c5 2. Nf3 e6 3. d4 cxd4 4. Nxd4 Nc6 5. Nc3 a6 6. g3 Nge7 7. Be3 Nxd4 8.
Qxd4 b5 9. Bg2 Nc6 10. Qd2 Bb7 11. f4 Na5 12. Bd4 Rc8 13. O-O Qc7 14. Qf2 Be7
15. Bb6 Qxb6 16. Qxb6 Bc5+ 17. Qxc5 Rxc5 18. Rf2 Ke7 19. Nd1 Rc7 20. Ne3 Nc4
21. Nxc4 Rxc4 22. e5 Bxg2 23. Rxg2 Rhc8 24. c3 b4 25. cxb4 Rxb4 26. Rd2 Rbc4
27. Rad1 R8c7 28. Kf2 Rc2 29. Ke3 f6 30. Rxc2 Rxc2 31. Rd2 Rc6 32. Kd4 d6 33.
exd6+ Rxd6+ 34. Kc3 h5 35. Rxd6 Kxd6 36. Kd4 g5 37. fxg5 fxg5 38. b4 g4 39. a4
e5+ 40. Ke4 Ke6 41. b5 a5 42. b6 Kd6 43. b7 Kc7 44. Kxe5 Kxb7 45. Kd5 Kc7 46.
Kc5 Kd7 47. Kb5 Kd6 48. Kxa5 Kc5 49. Ka6 Kc6 50. a5 1-0

[Event "VI Open A"]
[Site "Viterbo ITA"]
[Date "2009.06.01"]
[Round "4"]
[White "Faini, Marco"]
[Black "Marini, Riccardo"]
[Result "1-0"]
[WhiteElo "1915"]
[BlackElo "1703"]
[PlyCount "66"]
[EventDate "2009.05.30"]

1. c4 c5 2. Nc3 Nc6 3. g3 g6 4. Bg2 Bg7 5. e4 e6 6. d3 Nge7 7. Nge2 O-O 8. Be3
d6 9. Qd2 Re8 10. O-O b6 11. d4 cxd4 12. Nxd4 Ne5 13. b3 Bb7 14. Rad1 a6 15.
Nde2 Nc8 16. h3 Qc7 17. f4 Nc6 18. Nd4 N8e7 19. Qf2 Nxd4 20. Bxd4 Bxd4 21. Rxd4
Rad8 22. Rfd1 Rd7 23. e5 Red8 24. Bxb7 Qxb7 25. Rxd6 Nf5 26. Rxd7 Rxd7 27. Rxd7
Qxd7 28. Ne4 Qd3 29. Nf6+ Kg7 30. Kg2 Ne3+ 31. Kg1 h5 32. Ne8+ Kf8 33. Nc7
33... h4 {...} 1-0

[Event "VI Open A"]
[Site "Viterbo ITA"]
[Date "2009.06.01"]
[Round "4"]
[White "Gerardi, Saverio"]
[Black "Rampini, Carlo"]
[Result "1-0"]
[WhiteElo "2187"]
[BlackElo "1788"]
[PlyCount "55"]
[EventDate "2009.05.30"]

1. e4 e5 2. Nc3 Nf6 3. Bc4 Bc5 4. f4 d6 5. Nf3 Nc6 6. d3 a6 7. fxe5 Nxe5 8.
Nxe5 dxe5 9. Bg5 c6 10. Qf3 O-O 11. Rf1 Be7 12. Ne2 b5 13. Bb3 Be6 14. Ng3 Ng4
15. Bxe7 Qxe7 16. Rh1 Bxb3 17. Nf5 Qg5 18. axb3 g6 19. Qxg4 Qd8 20. h4 Kh8 21.
Ng3 Qd4 22. Ne2 Qb4+ 23. Nc3 f5 24. Qg5 Qd4 25. O-O-O f4 26. h5 gxh5 27. Rxh5
b4 28. Rxh7+ 1-0

[Event "VI Open A"]
[Site "Viterbo ITA"]
[Date "2009.06.01"]
[Round "4"]
[White "Giuliani, Sante"]
[Black "Bogosaljevic, Miodrag"]
[Result "1/2-1/2"]
[WhiteElo "1957"]
[BlackElo "2030"]
[PlyCount "43"]
[EventDate "2009.05.30"]

1. Nf3 d5 2. g3 Nf6 3. Bg2 c5 4. O-O Nc6 5. d3 g6 6. Nbd2 Bg7 7. c3 O-O 8. Qc2
e5 9. e4 Re8 10. exd5 Nxd5 11. Ne4 b6 12. Bg5 Qc7 13. a3 Be6 14. c4 Nde7 15.
Nf6+ Bxf6 16. Bxf6 Rad8 17. Nh4 Rd6 18. Qc1 Bf5 19. Bxe7 Nxe7 20. Nxf5 Nxf5 21.
Be4 Nd4 22. Qh6 1/2-1/2

[Event "VI Open A"]
[Site "Viterbo ITA"]
[Date "2009.06.01"]
[Round "4"]
[White "Mecali, Antonello"]
[Black "Antoniacci, Riccardo"]
[Result "1-0"]
[WhiteElo "1815"]
[BlackElo "1921"]
[PlyCount "67"]
[EventDate "2009.05.30"]

1. c4 e5 2. Nc3 d6 3. Nf3 f5 4. d3 Nf6 5. g3 c6 6. Bg2 g6 7. O-O Bg7 8. Qc2 O-O
9. b4 Na6 10. Rb1 Bd7 11. a4 h6 12. Ba3 Qe8 13. Nd2 Rd8 14. Nb3 Nc7 15. Na5 Bc8
16. b5 Ne6 17. e3 cxb5 18. Nxb5 Qe7 19. Nxa7 Nc5 20. Bxc5 dxc5 21. Nxc8 Rxc8
22. Rxb7 Qd6 23. Rfb1 Rfd8 24. R1b3 Nd7 25. Bd5+ Kh8 26. Ra7 Re8 27. Rbb7 Re7
28. Qb1 f4 29. Qb5 fxe3 30. fxe3 Rf8 31. Ra6 Nb6 32. Qxb6 Rxb7 33. Qxd6 Rb2 34.
Ra8 1-0

[Event "VI Open A"]
[Site "Viterbo ITA"]
[Date "2009.06.01"]
[Round "4"]
[White "Passerotti, Pierluigi"]
[Black "Maggi, Fabrizio"]
[Result "1/2-1/2"]
[WhiteElo "2301"]
[BlackElo "2053"]
[PlyCount "100"]
[EventDate "2009.05.30"]

1. d4 f5 2. Nc3 d5 3. Bf4 Nf6 4. e3 e6 5. Nf3 Be7 6. Nb5 Na6 7. c4 c6 8. Nc3
Nc7 9. Rc1 O-O 10. h3 Ne4 11. Bd3 Ne8 12. Ne5 N8d6 13. O-O Bg5 14. Bxg5 Qxg5
15. f4 Qe7 16. Bxe4 fxe4 17. Qe2 Bd7 18. Kh2 Nf7 19. Nxd7 Qxd7 20. g4 Rae8 21.
Qg2 Qd6 22. c5 Qc7 23. Qg3 Re7 24. Kg2 g6 25. Rf2 Nh6 26. b4 Rg7 27. Rcf1 Nf5
28. gxf5 gxf5 29. Qxg7+ Qxg7+ 30. Kh2 Qf7 31. Rg2+ Kh8 32. Rfg1 Qh5 33. Rg3 Qf7
34. R1g2 b6 35. Ne2 b5 36. Nc1 Qh5 37. Nb3 Qf7 38. Na5 Rc8 39. Rg5 h6 40. Rg6
Kh7 41. R6g3 Kh8 42. Rg1 Kh7 43. h4 Kh8 44. Kh3 Kh7 45. R1g2 Kh8 46. Rg6 Kh7
47. h5 Qe7 48. a3 Qf7 49. Kh4 Qe7+ 50. Kh3 Qf7 1/2-1/2

[Event "VI Open A"]
[Site "Viterbo ITA"]
[Date "2009.06.01"]
[Round "4"]
[White "Pescatore, Lorenzo"]
[Black "Campomori, Bruno"]
[Result "1/2-1/2"]
[WhiteElo "1832"]
[BlackElo "1978"]
[PlyCount "64"]
[EventDate "2009.05.30"]

1. e4 e5 2. Nf3 Nc6 3. d4 exd4 4. Bc4 Nf6 5. O-O Be7 6. e5 Ne4 7. Re1 Nc5 8.
Nxd4 Nxd4 9. Qxd4 O-O 10. Nc3 c6 11. a4 Ne6 12. Qg4 d5 13. Bd3 g6 14. f4 Qb6+
15. Kh1 a5 16. f5 Qb4 17. Qxb4 axb4 18. Nxd5 cxd5 19. fxe6 Bxe6 20. Be3 Rfc8
21. b3 Bc5 22. Bxc5 Rxc5 23. Re2 Rac8 24. h3 Kf8 25. Kg1 Ke7 26. Kf2 Bf5 27.
Bxf5 gxf5 28. Ra2 Ke6 29. Kf3 d4 30. Kf4 Rd8 31. Ra1 d3 32. cxd3 32... Rxd3 {
...} 1/2-1/2

[Event "VI Open A"]
[Site "Viterbo ITA"]
[Date "2009.06.01"]
[Round "4"]
[White "Pitrelli, Antonio"]
[Black "Calabrese, Maurizio"]
[Result "1-0"]
[WhiteElo "1802"]
[BlackElo "1529"]
[PlyCount "55"]
[EventDate "2009.05.30"]

1. d4 Nf6 2. c4 g6 3. Nf3 Bg7 4. g3 c5 5. Nc3 b6 6. Bg2 Bb7 7. d5 d6 8. O-O O-O
9. Qc2 Nbd7 10. b3 Re8 11. Bb2 a6 12. a4 e6 13. dxe6 fxe6 14. Rad1 Qc7 15. Rd2
Nf8 16. Rfd1 Red8 17. h4 Rd7 18. Ng5 Rad8 19. Bh3 Qc6 20. f3 d5 21. cxd5 Nxd5
22. Nxd5 Rxd5 23. Bxg7 Rxd2 24. Rxd2 Rxd2 25. Qxd2 Kxg7 26. Qc3+ Kg8 27. Qf6
Bc8 28. Qf7+ 1-0

[Event "VI Open A"]
[Site "Viterbo ITA"]
[Date "2009.06.01"]
[Round "4"]
[White "Scali, Fausto"]
[Black "Isonzo, David"]
[Result "0-1"]
[WhiteElo "1918"]
[BlackElo "2367"]
[PlyCount "96"]
[EventDate "2009.05.30"]

1. e4 c5 2. Nf3 d6 3. d4 cxd4 4. Nxd4 Nf6 5. Nc3 a6 6. Be2 e5 7. Nb3 Be7 8. O-O
O-O 9. a4 Nc6 10. Be3 Be6 11. Bf3 Nb4 12. Qe2 Qc7 13. Rfd1 Rac8 14. a5 Qc4 15.
Nd5 Bxd5 16. exd5 Qxe2 17. Bxe2 Rxc2 18. Bd3 Rxb2 19. Nc1 Nfxd5 20. Bc4 Nxe3
21. fxe3 d5 22. Bxd5 Bc5 23. Bxb7 Nc2 24. Ra2 Nxe3 25. Rxb2 Nxd1+ 26. Kf1 Nxb2
27. Bxa6 Ra8 28. Be2 Rxa5 29. Nb3 Bb6 30. Nxa5 Bxa5 31. Kf2 Na4 32. Ke3 Nc5 33.
Bd1 g6 34. Bc2 Kg7 35. g4 Kf6 36. h4 h6 37. Bb1 Bc3 38. Bc2 Bb4 39. Bb1 Be1 40.
h5 gxh5 41. gxh5 Kg5 42. Ke2 Bc3 43. Ba2 f5 44. Bf7 e4 45. Bg6 Bd4 46. Bf7 f4
47. Bg6 f3+ 48. Kd2 e3+ 0-1

[Event "VI Open A"]
[Site "Viterbo ITA"]
[Date "2009.06.01"]
[Round "4"]
[White "Tirri, Valerio"]
[Black "Tognotti, Andrea"]
[Result "1-0"]
[WhiteElo "1682"]
[BlackElo "1613"]
[PlyCount "64"]
[EventDate "2009.05.30"]

1. e4 c5 2. Nc3 e6 3. Bc4 a6 4. a3 Qc7 5. d3 Nf6 6. f4 d6 7. Nf3 Nbd7 8. Ba2
Be7 9. Bd2 b5 10. Ne2 Bb7 11. Ng3 O-O 12. O-O Rac8 13. Qe2 Rfe8 14. Rac1 Qb8
15. Kh1 h6 16. Ng1 Bf8 17. Nf3 Be7 18. f5 e5 19. Ng1 d5 20. Rce1 Qa8 21. Nf3
Bf8 22. Nh4 c4 23. dxc4 bxc4 24. exd5 Bxd5 25. c3 Nb6 26. Bb1 Na4 27. Bc1 Bc5
28. Ne4 Nxe4 29. Bxe4 Bxe4 30. Qxe4 Qxe4 31. Rxe4 f6 32. Rxc4 e4 1-0

[Event "VI Open A"]
[Site "Viterbo ITA"]
[Date "2009.06.01"]
[Round "4"]
[White "Tomini, Marco"]
[Black "Blonna, Michele"]
[Result "1-0"]
[WhiteElo "2024"]
[BlackElo "2012"]
[PlyCount "73"]
[EventDate "2009.05.30"]

1. d4 Nf6 2. c4 d6 3. Nc3 g6 4. e4 Bg7 5. Nf3 O-O 6. Be2 e5 7. O-O Nc6 8. d5
Ne7 9. Ne1 Nd7 10. Nd3 f5 11. f3 f4 12. g4 Kh8 13. Bd2 Nf6 14. Kg2 Neg8 15. h3
Ne8 16. Be1 Bf6 17. Bf2 Bh4 18. Qe1 Bxf2 19. Qxf2 g5 20. Rh1 Kg7 21. c5 Ngf6
22. Rac1 a6 23. cxd6 cxd6 24. Na4 Bd7 25. Nb6 Rf7 26. Nxa8 Qxa8 27. Qb6 Bb5 28.
Rc3 Nd7 29. Qf2 Nef6 30. Rhc1 Rf8 31. Rc7 Kg6 32. b3 a5 33. Nxf4+ exf4 34. Bxb5
Ne5 35. Qb6 a4 36. Qxd6 Qa5 37. Qxf8 1-0

[Event "VI Open A"]
[Site "Viterbo ITA"]
[Date "2009.06.01"]
[Round "4"]
[White "Vargiu, Antonio"]
[Black "Proietti, Tosca"]
[Result "1-0"]
[WhiteElo "1841"]
[BlackElo "1878"]
[PlyCount "97"]
[EventDate "2009.05.30"]

1. e4 c5 2. c3 d5 3. exd5 Qxd5 4. d4 cxd4 5. cxd4 Nf6 6. Nc3 Qd8 7. Nf3 e6 8.
Be2 Be7 9. O-O O-O 10. Bg5 Nc6 11. Rc1 Bd7 12. Qd2 Rc8 13. Rfd1 Nb4 14. Bxf6
Bxf6 15. Ne4 Be7 16. Nc5 Bxc5 17. dxc5 Nd5 18. Ne5 Bc6 19. Nxc6 Rxc6 20. Bf3
Qf6 21. b4 Rd8 22. Qd4 Qg5 23. a3 Rcc8 24. h4 Qe7 25. Qg4 Nf6 26. Qg5 h6 27.
Qg3 a6 28. Qe5 Ne8 29. h5 Nf6 30. g4 Nh7 31. Bg2 Nf6 32. Bf3 Nh7 33. Rb1 Ng5
34. Bg2 Kf8 35. Rd6 Rxd6 36. Qxd6 Qxd6 37. cxd6 Rd8 38. Bxb7 Rxd6 39. b5 Rb6
40. Bxa6 Nf3+ 41. Kg2 Nd2 42. Rb4 Ke7 43. a4 f5 44. gxf5 exf5 45. a5 Rb8 46. b6
Ne4 47. Bf1 Nd6 48. a6 Nc8 49. a7 1-0

[Event "VI Open A"]
[Site "Viterbo ITA"]
[Date "2009.06.01"]
[Round "4"]
[White "Vuelban, Virgilio"]
[Black "Collutiis, Duilio"]
[Result "0-1"]
[WhiteElo "2422"]
[BlackElo "2451"]
[PlyCount "76"]
[EventDate "2009.05.30"]

1. d4 Nf6 2. Nc3 d5 3. Bg5 Nbd7 4. e3 h6 5. Bh4 e6 6. Bd3 c5 7. Nf3 g5 8. Bg3
c4 9. Be2 Bb4 10. Nd2 Qa5 11. Ncb1 h5 12. h4 g4 13. c3 Be7 14. b4 cxb3 15. Nxb3
Qa4 16. N1d2 b6 17. c4 Ba6 18. cxd5 Nxd5 19. Bxa6 Qxa6 20. Qe2 Qxe2+ 21. Kxe2
f5 22. e4 Nc3+ 23. Kd3 Nxe4 24. Nxe4 fxe4+ 25. Kxe4 Nf6+ 26. Kd3 Nd5 27. Rhe1
Kd7 28. a4 Rac8 29. Rec1 Rxc1 30. Rxc1 Ba3 31. Rc4 Rf8 32. Ke4 Bd6 33. Bxd6
Kxd6 34. Rc2 Nf4 35. Nd2 Nxg2 36. Nc4+ Ke7 37. Ne5 Rf4+ 38. Kd3 Ne1+ 0-1

[Event "VI Open A"]
[Site "Viterbo ITA"]
[Date "2009.06.01"]
[Round "5"]
[White "Antoniacci, Riccardo"]
[Black "Pitrelli, Antonio"]
[Result "0-1"]
[WhiteElo "1921"]
[BlackElo "1802"]
[PlyCount "230"]
[EventDate "2009.05.30"]

1. e4 e6 2. b3 d5 3. Bb2 dxe4 4. Nc3 Nf6 5. g4 e5 6. g5 Nd5 7. Nxe4 Nc6 8. Qh5
Bf5 9. f3 Be7 10. Ne2 Bg6 11. Qg4 f5 12. gxf6 gxf6 13. N2g3 Rg8 14. h4 Nf4 15.
h5 Bf7 16. Qf5 Rg7 17. Bc4 Nd4 18. Bxd4 Qxd4 19. c3 Qb6 20. Bxf7+ Kxf7 21.
O-O-O Qa6 22. a4 b5 23. Qd7 Rb8 24. Nf5 Kg8 25. Nxg7 Ba3+ 26. Kc2 bxa4 27. b4
Qc4 28. Ne6 Nxe6 29. Qxa4 Bxb4 30. d3 Nd4+ 31. Kd2 Bxc3+ 32. Nxc3 Rb2+ 33. Ke1
Qxc3+ 34. Kf1 Nxf3 35. Rh3 Nd2+ 36. Kg1 Qc5+ 37. d4 Qxd4+ 38. Qxd4 exd4 39. Rd3
Ne4 40. Rxd4 Nd6 41. Rc1 Rb7 42. Rf4 f5 43. Rc3 Kg7 44. Rc6 Kf6 45. Rf3 Kg5 46.
Re3 Kxh5 47. Re7 Nb5 48. Rg7 Rb6 49. Rc2 Rg6+ 50. Rxg6 hxg6 51. Rc5 a6 52. Rc6
a5 53. Rc5 Nd6 54. Rxa5 Ne4 55. Kf1 Kg4 56. Ke2 c5 57. Ra6 g5 58. Ke3 c4 59.
Rc6 c3 60. Rc8 Kg3 61. Rc6 g4 62. Rc8 Kg2 63. Kf4 Kf2 64. Rc7 g3 65. Kxf5 g2
66. Kxe4 g1=Q 67. Rxc3 Qe1+ 68. Kd4 Qe7 69. Kd3 Qe6 70. Rc2+ Kf3 71. Rc3 Qd5+
72. Kc2+ Ke2 73. Kb2 Qb5+ 74. Kc2 Qa4+ 75. Rb3 Qa2+ 76. Kc3 Qa5+ 77. Rb4 Ke3
78. Kc4 Qc7+ 79. Kd5 Qc3 80. Rc4 Qf6 81. Re4+ Kd3 82. Re5 Qb6 83. Rf5 Qb5+ 84.
Ke6 Qc6+ 85. Ke5 Ke3 86. Rf6 Qc5+ 87. Ke6 Ke4 88. Rf7 Qc6+ 89. Ke7 Ke5 90. Rf1
Qe6+ 91. Kf8 Qc8+ 92. Ke7 Qc7+ 93. Kf8 Qc5+ 94. Kg7 Qe7+ 95. Kg6 Qe6+ 96. Kg7
Qg4+ 97. Kf8 Qb4+ 98. Kg7 Ke6 99. Rf6+ Ke7 100. Rf7+ Ke8 101. Rf5 Qg4+ 102. Kf6
Kd7 103. Rd5+ Kc6 104. Rf5 Kd6 105. Rg5 Qf4+ 106. Kg6 Ke6 107. Rg1 Qf7+ 108.
Kh6 Qf8+ 109. Kh7 Qe7+ 110. Kg6 Qe8+ 111. Kg7 Qd7+ 112. Kg6 Qd3+ 113. Kh5 Qh3+
114. Kg6 Qd3+ 115. Kh5 Qh7+ 0-1

[Event "VI Open A"]
[Site "Viterbo ITA"]
[Date "2009.06.01"]
[Round "5"]
[White "Blonna, Michele"]
[Black "Vargiu, Antonio"]
[Result "1-0"]
[WhiteElo "2012"]
[BlackElo "1841"]
[PlyCount "67"]
[EventDate "2009.05.30"]

1. e4 e6 2. d4 d5 3. e5 c5 4. c3 Nc6 5. a3 Bd7 6. Nf3 cxd4 7. cxd4 Qb6 8. b4
Rc8 9. Bb2 Na5 10. Nbd2 Nh6 11. Rc1 Rxc1 12. Qxc1 Nc6 13. Bd3 Be7 14. Qb1 g6
15. h4 Nf5 16. Bxf5 exf5 17. Nb3 a5 18. Nc5 axb4 19. Nxd7 Kxd7 20. a4 Na5 21.
O-O Nc4 22. Bc1 Ra8 23. Bg5 Bxg5 24. Nxg5 Ke7 25. Nxh7 Rh8 26. Nf6 Ke6 27. g3
b3 28. Rc1 Qb4 29. Kg2 Qxa4 30. Rc3 Ra8 31. Rxb3 Rc8 32. Rxb7 Rc6 33. Rb8 Nd6
34. Qb7 1-0

[Event "VI Open A"]
[Site "Viterbo ITA"]
[Date "2009.06.01"]
[Round "5"]
[White "Bogosaljevic, Miodrag"]
[Black "Faini, Marco"]
[Result "1-0"]
[WhiteElo "2030"]
[BlackElo "1915"]
[PlyCount "75"]
[EventDate "2009.05.30"]

1. d4 Nf6 2. c4 e5 3. dxe5 Ng4 4. Nf3 Nc6 5. Nc3 Ngxe5 6. e3 d6 7. Be2 Be7 8.
O-O O-O 9. b3 Be6 10. Bb2 f5 11. Nd4 Nxd4 12. exd4 Ng6 13. Bf3 Bc8 14. Re1 c6
15. g3 Qc7 16. d5 c5 17. Bh5 Bf6 18. Nb5 Qd8 19. Bxf6 Rxf6 20. f4 a6 21. Nc3
Bd7 22. a4 a5 23. Ra2 Nf8 24. Rae2 g6 25. Bf3 Rf7 26. h4 h5 27. Re3 Qf6 28. Nb1
Rd8 29. Bg2 b6 30. R1e2 Bc8 31. Qe1 Rdd7 32. Nd2 Rd8 33. Nf3 Nh7 34. Kh2 Rdf8
35. Re8 Rxe8 36. Rxe8+ Rf8 37. Ng5 Bd7 38. Re7 1-0

[Event "VI Open A"]
[Site "Viterbo ITA"]
[Date "2009.06.01"]
[Round "5"]
[White "Calandri, Fausto"]
[Black "Scali, Fausto"]
[Result "0-1"]
[WhiteElo "2149"]
[BlackElo "1918"]
[PlyCount "102"]
[EventDate "2009.05.30"]

1. e4 c5 2. Nf3 e6 3. d4 cxd4 4. Nxd4 a6 5. Nc3 Qc7 6. Be2 b5 7. O-O Bb7 8. Re1
b4 9. Nd5 exd5 10. exd5 Kd8 11. Bf3 Nf6 12. Bg5 Bd6 13. Nf5 h6 14. Bxf6+ gxf6
15. c3 bxc3 16. Rc1 Bxh2+ 17. Kh1 Be5 18. d6 Qb6 19. bxc3 Bxf3 20. Qxf3 Qc6 21.
Qh5 Rg8 22. f3 Bxd6 23. Qxf7 Rf8 24. Qg7 Kc7 25. Re6 Qd5 26. Rxf6 Rxf6 27. Qxf6
Qe5 28. Qxe5 Bxe5 29. Re1 Nc6 30. c4 Rf8 31. Ne3 Bd4 32. Kh2 Bxe3 33. Rxe3 Rf4
34. Re8 Kd6 35. Kg3 Rxc4 36. Rh8 Ke7 37. Rxh6 d5 38. Kf2 d4 39. g4 d3 40. Ke3
Rd4 41. Rxc6 d2 42. Kxd4 d1=Q+ 43. Kc5 Qc2+ 44. Kb6 Qxa2 45. g5 a5 46. g6 a4
47. g7 Kf7 48. Rc7+ Kg8 49. f4 Qf2+ 50. Ka5 a3 51. Kb4 a2 0-1

[Event "VI Open A"]
[Site "Viterbo ITA"]
[Date "2009.06.01"]
[Round "5"]
[White "Campomori, Bruno"]
[Black "Stoja, Rocco"]
[Result "1-0"]
[WhiteElo "1978"]
[BlackElo "1864"]
[PlyCount "97"]
[EventDate "2009.05.30"]

1. e4 g6 2. d4 Bg7 3. Bc4 a6 4. Nf3 b5 5. Bb3 Bb7 6. Nbd2 d6 7. Qe2 c5 8. c3
cxd4 9. cxd4 Nc6 10. Qd3 Nf6 11. O-O O-O 12. Re1 e6 13. Nf1 Qd7 14. Ng3 Rac8
15. Bd2 d5 16. e5 Ne8 17. h4 Nc7 18. h5 b4 19. Bg5 Nb5 20. Qd2 f5 21. exf6 Bxf6
22. hxg6 hxg6 23. Rad1 Bxd4 24. Qd3 Qf7 25. Re2 Kg7 26. Ba4 e5 27. Qd2 Rh8 28.
Bxb5 axb5 29. Nxd4 exd4 30. Rde1 Rhe8 31. Qd3 Rxe2 32. Rxe2 Re8 33. Rxe8 Qxe8
34. Qxb5 Qf7 35. Bd2 Qe7 36. a3 bxa3 37. bxa3 Ne5 38. a4 Qd7 39. Qb4 Nc6 40.
Qc5 Kf7 41. Bh6 Qe7 42. Qxd5+ Qe6 43. Qf3+ Ke7 44. Ne4 Kd8 45. Qf8+ Kc7 46.
Bf4+ Kb6 47. Qc5+ Ka6 48. Qb5+ Ka7 49. Qxb7+ 1-0

[Event "VI Open A"]
[Site "Viterbo ITA"]
[Date "2009.06.01"]
[Round "5"]
[White "De Caro, Nicola"]
[Black "Bondielli, Giorgio"]
[Result "1-0"]
[WhiteElo "1656"]
[BlackElo "1918"]
[PlyCount "31"]
[EventDate "2009.05.30"]

1. d4 f5 2. c4 Nf6 3. Nc3 g6 4. h4 Bg7 5. Nh3 Nc6 6. e3 d5 7. Nf4 e6 8. h5 g5
9. h6 gxf4 10. hxg7 Rg8 11. cxd5 exd5 12. Rxh7 Qe7 13. Rh8 Qxg7 14. Rxg8+ Qxg8
15. Qf3 Bd7 16. Qxf4 1-0

[Event "VI Open A"]
[Site "Viterbo ITA"]
[Date "2009.06.01"]
[Round "5"]
[White "Lisi, Sebastiano"]
[Black "Mecali, Antonello"]
[Result "1/2-1/2"]
[WhiteElo "1964"]
[BlackElo "1815"]
[PlyCount "29"]
[EventDate "2009.05.30"]

1. Nf3 c5 2. c4 Nf6 3. Nc3 Nc6 4. g3 g6 5. Bg2 Bg7 6. O-O O-O 7. a3 a5 8. e3 d5
9. cxd5 Nxd5 10. Ne4 b6 11. Qc2 Ba6 12. Re1 Rc8 13. d3 Qc7 14. Bd2 Rfd8 15.
Rad1 1/2-1/2

[Event "VI Open A"]
[Site "Viterbo ITA"]
[Date "2009.06.01"]
[Round "5"]
[White "Maddaloni, Giovanni"]
[Black "Tirri, Valerio"]
[Result "1-0"]
[WhiteElo "1812"]
[BlackElo "1682"]
[PlyCount "110"]
[EventDate "2009.05.30"]

1. e4 c5 2. Nf3 Nc6 3. d4 cxd4 4. Nxd4 d6 5. Nc3 a6 6. Be3 Nf6 7. f3 e5 8. Nb3
Be6 9. Qd2 Be7 10. O-O-O b5 11. Kb1 O-O 12. g4 Qc7 13. h4 Rfd8 14. g5 Ne8 15.
Nd5 Bxd5 16. exd5 Nb8 17. h5 f5 18. gxf6 Bxf6 19. Bh3 Nd7 20. Be6+ Kh8 21. h6
g6 22. Bg5 Nf8 23. Bxf6+ Nxf6 24. Qg5 Ne8 25. Bg4 Nd7 26. Rhe1 a5 27. f4 exf4
28. Nd4 Rac8 29. Nc6 Ne5 30. Bxc8 Rxc8 31. Qxf4 Qf7 32. Qxf7 Nxf7 33. Re7 Nxh6
34. Rh1 Nf5 35. Rexh7+ Kg8 36. Rh8+ Kf7 37. R1h7+ Kf6 38. Rf8+ Kg5 39. Rhh8
Nfg7 40. c3 Kg4 41. Nd4 g5 42. Ne6 Rc4 43. Nxg7 Nxg7 44. Kc2 Nf5 45. Kd3 Rf4
46. Rb8 Rf3+ 47. Ke2 b4 48. cxb4 axb4 49. Rxb4+ Kg3 50. Rh3+ Kxh3 51. Kxf3 Nh4+
52. Kf2 g4 53. Rb3+ Nf3 54. Rxf3+ gxf3 55. a4 Kg4 1-0

[Event "VI Open A"]
[Site "Viterbo ITA"]
[Date "2009.06.01"]
[Round "5"]
[White "Maggi, Fabrizio"]
[Black "Vuelban, Virgilio"]
[Result "1/2-1/2"]
[WhiteElo "2053"]
[BlackElo "2422"]
[PlyCount "38"]
[EventDate "2009.05.30"]

1. c4 g6 2. e4 Bg7 3. d4 d6 4. Nc3 Nf6 5. Nge2 O-O 6. Ng3 Nc6 7. d5 Ne5 8. Be2
c6 9. f4 Ned7 10. Be3 a6 11. O-O cxd5 12. cxd5 b5 13. Rc1 Bb7 14. Bf3 Qa5 15.
Nge2 Rfc8 16. Nd4 Qd8 17. Qd2 Nb6 18. b3 Nfd7 19. Nc6 Qe8 1/2-1/2

[Event "VI Open A"]
[Site "Viterbo ITA"]
[Date "2009.06.01"]
[Round "5"]
[White "Maggi, Luigi"]
[Black "Passerotti, Pierluigi"]
[Result "0-1"]
[WhiteElo "1876"]
[BlackElo "2301"]
[PlyCount "126"]
[EventDate "2009.05.30"]

1. c4 c5 2. Nf3 Nf6 3. Nc3 e6 4. e4 Nc6 5. Be2 d5 6. exd5 exd5 7. cxd5 Nxd5 8.
d4 cxd4 9. Nxd4 Bb4 10. Nxc6 bxc6 11. Bd2 Be6 12. Bf3 O-O 13. O-O Qa5 14. Nxd5
cxd5 15. Be3 Rfd8 16. Bd4 Bc5 17. a3 Qb6 18. Bxc5 Qxc5 19. Rc1 Qb6 20. Qd2 a5
21. b4 axb4 22. Qxb4 Qxb4 23. axb4 Rab8 24. Rfd1 Kf8 25. Rd4 Ke7 26. h4 Kd6 27.
g3 Rd7 28. Be2 Rdb7 29. b5 Rc7 30. Rcd1 Rc5 31. Rb4 Rb6 32. Rd2 Rc1+ 33. Kg2
Kc5 34. Rdb2 Rc3 35. Bf3 Rc4 36. R4b3 d4 37. Bc6 Bd5+ 38. Bxd5 Kxd5 39. Kf1 Rc3
40. Rb4 Kc5 41. h5 f5 42. Kg2 g5 43. hxg6 hxg6 44. Kf1 g5 45. Ke1 f4 46. Kd1
fxg3 47. fxg3 Rxg3 48. Kd2 g4 49. Ke2 Rg2+ 50. Kd3 Rxb2 51. Rxb2 g3 52. Rg2
Rxb5 53. Ke4 Rb3 54. Rd2 Re3+ 55. Kf4 Kc4 56. Ra2 Rb3 57. Rg2 Ra3 58. Ke4 Re3+
59. Kf4 Kd3 60. Ra2 Re8 61. Kxg3 Ke3 62. Ra3+ d3 63. Kg2 Ke2 0-1

[Event "VI Open A"]
[Site "Viterbo ITA"]
[Date "2009.06.01"]
[Round "5"]
[White "Marini, Riccardo"]
[Black "Biondi, Massimo"]
[Result "0-1"]
[WhiteElo "1703"]
[BlackElo "1853"]
[PlyCount "98"]
[EventDate "2009.05.30"]

1. d4 Nf6 2. Nf3 e6 3. e3 d5 4. Bd3 Nbd7 5. Nbd2 Be7 6. b3 c5 7. Bb2 O-O 8. O-O
Qc7 9. Ne5 a6 10. Rc1 Nxe5 11. dxe5 Nd7 12. f4 b5 13. c4 bxc4 14. bxc4 Rb8 15.
Qc2 h6 16. Nf3 Nb6 17. Nd2 dxc4 18. Nxc4 Nd5 19. a3 Bd7 20. e4 Nb6 21. Nxb6
Qxb6 22. Rf2 c4 23. Qxc4 Rfc8 24. Qxa6 Qxa6 25. Bxa6 Rxc1+ 26. Bxc1 Bc5 27. Kf1
Rb1 28. Rc2 Bxa3 29. Ke2 Rxc1 30. Ra2 Bc5 31. Bd3 g6 32. g4 Bd4 33. Ra8+ Kg7
34. f5 gxf5 35. Rd8 Rc7 36. exf5 Bxe5 37. fxe6 Bxe6 38. h3 Bf6 39. Rb8 h5 40.
Rb4 Re7 41. Kf2 Bh4+ 42. Kf1 hxg4 43. hxg4 Bd5 44. Be2 Bg2+ 45. Kxg2 Rxe2+ 46.
Kh3 Bf6 47. Rc4 Be5 48. g5 Kg6 49. Rc8 Kxg5 0-1

[Event "VI Open A"]
[Site "Viterbo ITA"]
[Date "2009.06.01"]
[Round "5"]
[White "Perogio, Lorenzo"]
[Black "Caleffi, Cesare"]
[Result "0-1"]
[WhiteElo "1876"]
[BlackElo "2003"]
[PlyCount "96"]
[EventDate "2009.05.30"]

1. e4 c6 2. d4 d5 3. exd5 cxd5 4. c4 Nf6 5. Nc3 e6 6. Nf3 Be7 7. cxd5 Nxd5 8.
Bd3 Nc6 9. O-O O-O 10. Re1 Re8 11. Ne5 Nxe5 12. dxe5 Nxc3 13. bxc3 Bd7 14. Be3
Bc6 15. Bd4 g6 16. Qe2 Qa5 17. Be4 Rac8 18. g3 Red8 19. h4 Bc5 20. Red1 Bxe4
21. Qxe4 Rd5 22. h5 Qd8 23. hxg6 hxg6 24. Kg2 Bxd4 25. cxd4 Rc4 26. Rac1 b5 27.
Rxc4 bxc4 28. Qe3 Ra5 29. Qh6 Qd5+ 30. Kg1 c3 31. Rb1 Rb5 32. Rxb5 Qxb5 33. Qg5
Qb1+ 34. Kh2 Qf5 35. Qd8+ Kg7 36. Kg2 Qe4+ 37. Kh2 Qf3 38. Kg1 c2 39. Qg5 Qd1+
40. Kg2 Qxd4 41. Qc1 Qd5+ 42. Kh2 Qxa2 43. Qg5 Qd5 44. Qc1 Qe4 45. Qg5 Qf5 46.
Qc1 Qxf2+ 47. Kh3 Qe2 48. Qg5 Qh5+ 0-1

[Event "VI Open A"]
[Site "Viterbo ITA"]
[Date "2009.06.01"]
[Round "5"]
[White "Pompili, Ugo"]
[Black "Cannada Bartoli, Vincenzo"]
[Result "1-0"]
[WhiteElo "1843"]
[BlackElo "2006"]
[PlyCount "63"]
[EventDate "2009.05.30"]

1. d4 Nf6 2. e3 d5 3. f4 Bg4 4. Nf3 e6 5. Bd3 c5 6. c3 Nc6 7. O-O Be7 8. h3 Bh5
9. g4 Bg6 10. Ne5 Bxd3 11. Qxd3 c4 12. Qe2 Ne4 13. Nd2 Nxd2 14. Bxd2 Nxe5 15.
fxe5 O-O 16. e4 Qd7 17. g5 dxe4 18. Qxe4 Qd5 19. Qg4 Kh8 20. Rae1 Rae8 21. Qh5
g6 22. Qh6 Qd7 23. Re4 Bd8 24. Rh4 f5 25. gxf6 Qf7 26. Qg5 Re7 27. Rff4 Rd7 28.
Rh6 Qe8 29. Rfh4 Kg8 30. Rg4 Rff7 31. Rxg6+ hxg6 32. Qxg6+ 1-0